[Event "Oberliga Wuerttemberg 1516"]
[Site "Wuerttemberg"]
[Date "2015.09.20"]
[Round "1.3"]
[White "Gabriel, Robert A"]
[Black "Roth, Lothar"]
[Result "1-0"]
[WhiteElo "2114"]
[BlackElo "2046"]
[PlyCount "83"]
[EventDate "2015.09.20"]
[EventType "team-tourn"]
[EventRounds "9"]
[EventCountry "GER"]
[SourceTitle "EXT 2019"]
[Source "ChessBase"]
[SourceDate "2018.10.10"]
[SourceVersion "1"]
[SourceVersionDate "2018.10.10"]
[SourceQuality "1"]
[WhiteTeam "Stuttgart SF"]
[BlackTeam "Schwaebisch Gmuend"]
[WhiteTeamCountry "GER"]
[BlackTeamCountry "GER"]

1. d4 Nf6 2. c4 e6 3. Nf3 d5 4. Nc3 c6 5. Bg5 Be7 6. e3 Nbd7 7. Rc1 0-0 8. Bd3 dxc4 9. Bxc4 Nd5 10. Bxe7 Qxe7 11. 0-0 Nxc3 12. Rxc3 e5 13. Bb3 e4 14. Nd2 Nf6 15. Rc5 Bg4 16. Qb1 Nd7 17. Rc3 Be2 18. Re1 Bd3 19. Qd1 Kh8 20. Nf1 Bxf1 21. Rxf1 Rad8 22. Qh5 Nf6 23. Qc5 Qxc5 24. Rxc5 g6 25. Rfc1 Kg7 26. h3 Rfe8 27. g4 h6 28. Kg2 a6 29. Kg3 Nd7 30. R5c3 f5 31. gxf5 gxf5 32. Rg1 Kf6 33. Kh4 Re7 34. Rcc1 c5 35. dxc5 Ne5 36. Kh5 Nd3 37. Rg6+ Ke5 38. Rc2 Nb4 39. Rc4 Nd3 40. c6 bxc6 41. Rcxc6 f4 42. Rxa6 1-0

[Event "Oberliga Wuerttemberg 1112"]
[Site "Wuerttemberg"]
[Date "2011.11.13"]
[Round "3.8"]
[White "Roth, Lothar"]
[Black "Pfaff, Alexander"]
[Result "1/2-1/2"]
[WhiteElo "2131"]
[BlackElo "1965"]
[PlyCount "65"]
[EventDate "2011.10.09"]
[EventType "team-tourn"]
[EventRounds "9"]
[EventCountry "GER"]
[SourceTitle "EXT 2019"]
[Source "ChessBase"]
[SourceDate "2018.10.10"]
[SourceVersion "1"]
[SourceVersionDate "2018.10.10"]
[SourceQuality "1"]
[WhiteTeam "Schwaebisch Gmuend"]
[BlackTeam "Willsbach"]
[WhiteTeamCountry "GER"]
[BlackTeamCountry "GER"]

1. e4 e5 2. Nf3 Nc6 3. d4 exd4 4. c3 d3 5. Bxd3 d6 6. h3 Be7 7. Bf4 Nf6 8. 0-0 0-0 9. Re1 Be6 10. Nbd2 a6 11. Nb3 Nd7 12. Nbd4 Bf6 13. Nxc6 bxc6 14. e5 dxe5 15. Nxe5 Nxe5 16. Bxe5 Bxe5 17. Rxe5 Qd6 18. Re3 Rfd8 19. Qh5 g6 20. Qg5 Qd5 21. Qxd5 cxd5 22. b3 Rd6 23. b4 a5 24. b5 a4 25. a3 Rb6 26. Rb1 Ra5 27. Rb4 Kf8 28. g4 c5 29. bxc6 Rxc6 30. Bb5 Rb6 31. Be2 Rc6 32. Bb5 Rb6 33. Be2 1/2-1/2

[Event "Staufer op 21st"]
[Site "Schwaebisch Gmuend"]
[Date "2009.01.04"]
[Round "7"]
[White "Schmieder, Siegfried"]
[Black "Roth, Lothar"]
[Result "1-0"]
[WhiteElo "2073"]
[BlackElo "2143"]
[PlyCount "71"]
[EventDate "2009.01.02"]
[EventType "swiss"]
[EventRounds "9"]
[EventCountry "GER"]
[SourceTitle "CBM 128 Extra"]
[Source "ChessBase"]
[SourceDate "2009.03.05"]
[SourceVersion "2"]
[SourceVersionDate "2009.03.25"]
[SourceQuality "1"]

1. e4 e6 2. d4 d5 3. e5 c5 4. c3 Nc6 5. Nf3 Qb6 6. a3 cxd4 7. cxd4 Nh6 8. b4 Nf5 9. Bb2 Be7 10. g4 Nh4 11. Nbd2 Nxf3+ 12. Nxf3 Bd7 13. Bd3 Rc8 14. 0-0 Qd8 15. Nd2 f6 16. f4 0-0 17. Nf3 fxe5 18. fxe5 Rf4 19. h3 Qb6 20. Kg2 Rcf8 21. Bc2 a5 22. Qd3 g6 23. b5 Na7 24. a4 Qd8 25. Bc1 R4f7 26. Bh6 Re8 27. Kg3 Nc8 28. h4 Bf8 29. Ng5 Rxf1 30. Rxf1 Ne7 31. Qf3 Nf5+ 32. gxf5 Bxh6 33. fxg6 Bg7 34. Nf7 Qc7 35. gxh7+ Kf8 36. h8Q+ 1-0

[Event "Staufer op 21st"]
[Site "Schwaebisch Gmuend"]
[Date "2009.01.02"]
[Round "1"]
[White "Kecker, Eduard"]
[Black "Roth, Lothar"]
[Result "0-1"]
[WhiteElo "1907"]
[BlackElo "2143"]
[PlyCount "41"]
[EventDate "2009.01.02"]
[EventType "swiss"]
[EventRounds "9"]
[EventCountry "GER"]
[SourceTitle "CBM 128 Extra"]
[Source "ChessBase"]
[SourceDate "2009.03.05"]
[SourceVersion "2"]
[SourceVersionDate "2009.03.25"]
[SourceQuality "1"]

1. Nf3 Nf6 2. d3 g6 3. e4 d6 4. h3 Bg7 5. Nc3 c6 6. Be2 0-0 7. Be3 h6 8. Qd2 Kh7 9. g4 Ng8 10. d4 b5 11. Bd3 Na6 12. Nd1 Rb8 13. c3 c5 14. Qe2 Qa5 15. Bd2 b4 16. g5 h5 17. c4 cxd4 18. Nxd4 Bxd4 19. e5 Qxe5 20. Be3 Bxe3 21. Qxh5+ 0-1

[Event "Oberliga Wuerttemberg 0708"]
[Site "Wuerttemberg"]
[Date "2008.04.20"]
[Round "9.5"]
[White "Roth, Lothar"]
[Black "Fritsch, Rolf"]
[Result "0-1"]
[WhiteElo "2147"]
[BlackElo "2226"]
[PlyCount "130"]
[EventDate "2007.10.07"]
[EventType "team-tourn"]
[EventRounds "9"]
[EventCountry "GER"]
[SourceTitle "EXT 2018"]
[Source "ChessBase"]
[SourceDate "2017.10.13"]
[SourceVersion "1"]
[SourceVersionDate "2017.10.13"]
[SourceQuality "1"]
[WhiteTeam "Schwaebisch Gmuend"]
[BlackTeam "Stuttgart SF"]
[WhiteTeamCountry "GER"]
[BlackTeamCountry "GER"]

1. e4 g6 2. d4 Bg7 3. Nc3 d6 4. f4 c6 5. Nf3 Bg4 6. Be3 Nd7 7. Be2 Bxf3 8. Bxf3 Nb6 9. Be2 d5 10. e5 Nh6 11. Bf2 f6 12. 0-0 0-0 13. g3 Qd7 14. Kg2 fxe5 15. dxe5 g5 16. fxg5 Nf7 17. Bg4 e6 18. Bc5 Rfd8 19. h4 Nxe5 20. Bh3 d4 21. Bxb6 axb6 22. Ne4 Qd5 23. Qe2 Kh8 24. Kh2 d3 25. cxd3 Qxd3 26. Qxd3 Nxd3 27. Bxe6 Re8 28. Bf5 Nxb2 29. Nf6 Re2+ 30. Kh3 h6 31. Bg4 Re3 32. gxh6 Bxh6 33. Rf3 Rxf3 34. Bxf3 Nc4 35. Ng4 Bg7 36. Rc1 Nd2 37. Bxc6 bxc6 38. Rxc6 Bd4 39. Rc2 Nb1 40. Nh6 Nc3 41. Nf5 Be5 42. Ne7 Bf6 43. Ng6+ Kh7 44. Nf4 b5 45. Nh5 Be5 46. Rd2 b4 47. Rd7+ Kg6 48. Kg4 Rxa2 49. Rb7 Ra4 50. Rb6+ Kf7 51. Kf5 Ra5 52. Rb7+ Bc7+ 53. Kg4 Nb5 54. Nf4 b3 55. Nd3 Ke8 56. h5 Be5 57. Nxe5 b2 58. Rb8+ Ke7 59. Nc6+ Kd6 60. Nxa5 b1Q 61. Nc4+ Kc7 62. Rf8 Qd1+ 63. Kh4 Qh1+ 64. Kg4 Nd4 65. Ne3 Qe4+ 0-1

[Event "GER-chT Seniors 16th"]
[Site "Halle"]
[Date "2007.09.14"]
[Round "2.3"]
[White "Bomert, Egon"]
[Black "Roth, Lothar"]
[Result "1-0"]
[WhiteElo "2175"]
[BlackElo "2161"]
[PlyCount "65"]
[EventDate "2007.09.13"]
[EventType "team"]
[EventRounds "7"]
[EventCountry "GER"]
[SourceTitle "EXT 2008"]
[Source "ChessBase"]
[SourceDate "2007.11.25"]
[SourceVersion "1"]
[SourceVersionDate "2007.11.25"]
[SourceQuality "1"]

1. c4 Nf6 2. Nc3 g6 3. d4 Bg7 4. e4 d6 5. f3 0-0 6. Be3 e5 7. d5 Nh5 8. Qd2 f5 9. Bg5 Nf6 10. exf5 Bxf5 11. g4 Bc8 12. 0-0-0 Nbd7 13. Bd3 a6 14. h4 Qe8 15. h5 Nc5 16. Bc2 e4 17. Re1 Qf7 18. hxg6 hxg6 19. Nxe4 Nfxe4 20. Bxe4 Bd7 21. Qh2 Be5 22. Qc2 Nxe4 23. Rxe4 Rae8 24. f4 Bxg4 25. Ne2 Bxe2 26. fxe5 Qf3 27. Reh4 Qf1+ 28. Rxf1 Rxf1+ 29. Kd2 Bh5 30. Kc3 Rxe5 31. Rf4 Rfe1 32. Qf2 Re8 33. Rf7 1-0

[Event "Staufer Seniors op 12th"]
[Site "Schwaebisch Gmuend"]
[Date "2006.01.06"]
[Round "7"]
[White "Frank, Werner"]
[Black "Roth, Lothar"]
[Result "1/2-1/2"]
[WhiteElo "1974"]
[BlackElo "2151"]
[PlyCount "42"]
[EventDate "2006.01.02"]
[EventType "swiss"]
[EventRounds "9"]
[EventCountry "GER"]
[SourceTitle "EXT 2007"]
[Source "ChessBase"]
[SourceDate "2006.11.23"]
[SourceVersion "1"]
[SourceVersionDate "2006.11.23"]
[SourceQuality "1"]

1. d4 Nf6 2. Nf3 d6 3. g3 g6 4. Bg2 Bg7 5. 0-0 0-0 6. a4 Na6 7. Nc3 c5 8. e4 Bg4 9. Be3 Qc8 10. Re1 cxd4 11. Bxd4 Nb4 12. Qd2 Nc6 13. Nd5 Bxf3 14. Bxf3 Nxd4 15. Nxe7+ Kh8 16. Qxd4 Qd7 17. Nd5 Nxd5 18. Qxd5 Bxb2 19. Rab1 Be5 20. Rxb7 Qxa4 21. Rxf7 Qxc2 1/2-1/2

[Event "GER-chT Seniors 14th"]
[Site "Sottrum"]
[Date "2005.09.21"]
[Round "4"]
[White "Schweickhardt, Peter"]
[Black "Roth, Lothar"]
[Result "1/2-1/2"]
[WhiteElo "2125"]
[BlackElo "2151"]
[PlyCount "55"]
[EventDate "2005.09.18"]
[EventType "team-swiss"]
[EventRounds "7"]
[EventCountry "GER"]
[SourceTitle "CBM 108 Extra"]
[Source "ChessBase"]
[SourceDate "2005.11.04"]
[SourceVersion "1"]
[SourceVersionDate "2005.11.04"]
[SourceQuality "1"]

1. e4 e6 2. d4 d5 3. exd5 exd5 4. Bd3 Bd6 5. Ne2 Ne7 6. Bf4 Bf5 7. Bxd6 Qxd6 8. Nbc3 c6 9. Qd2 Bxd3 10. Qxd3 Nd7 11. Qg3 Qxg3 12. hxg3 Nf6 13. f3 Nf5 14. Kf2 0-0-0 15. g4 Nd6 16. b3 Nd7 17. Rh2 h6 18. Rah1 Rhg8 19. Re1 Rde8 20. Rhh1 b5 21. a3 a5 22. Ng3 Rxe1 23. Rxe1 Kd8 24. Nf5 Nxf5 25. gxf5 Nf6 26. Ne2 Re8 27. Nf4 Rxe1 28. Kxe1 1/2-1/2

[Event "Staufer Seniors op 11th"]
[Site "Schwaebisch Gmuend"]
[Date "2005.01.06"]
[Round "6"]
[White "Roth, Lothar"]
[Black "Sielaff, Rudolf"]
[Result "1/2-1/2"]
[WhiteElo "2156"]
[BlackElo "2075"]
[PlyCount "29"]
[EventDate "2005.01.02"]
[EventType "swiss"]
[EventRounds "9"]
[EventCountry "GER"]
[SourceTitle "EXT 2007"]
[Source "ChessBase"]
[SourceDate "2006.11.23"]
[SourceVersion "1"]
[SourceVersionDate "2006.11.23"]
[SourceQuality "1"]

1. e4 e5 2. Nf3 Nc6 3. d4 exd4 4. c3 d5 5. exd5 Qxd5 6. cxd4 Bg4 7. Be2 Bb4+ 8. Nc3 Bxf3 9. Bxf3 Qc4 10. Bxc6+ bxc6 11. Qe2+ Qxe2+ 12. Kxe2 Ne7 13. Rd1 0-0 14. Be3 Rfe8 15. Rac1 1/2-1/2

[Event "GER-chT Seniors 13th"]
[Site "Dresden"]
[Date "2004.08.06"]
[Round "6"]
[White "Kotzem, Ernst"]
[Black "Roth, Lothar"]
[Result "1/2-1/2"]
[WhiteElo "2185"]
[BlackElo "2156"]
[PlyCount "124"]
[EventDate "2004.08.01"]
[EventType "team"]
[EventRounds "7"]
[EventCountry "GER"]
[SourceTitle "CBM 103 Extra"]
[Source "ChessBase"]
[SourceDate "2005.01.01"]
[SourceVersion "1"]
[SourceVersionDate "2005.01.01"]
[SourceQuality "1"]

1. e4 e6 2. d4 d5 3. Nd2 Nf6 4. e5 Nfd7 5. Bd3 c5 6. c3 Nc6 7. Ne2 cxd4 8. cxd4 Qb6 9. Nf3 Bb4+ 10. Bd2 Bxd2+ 11. Qxd2 Qb4 12. 0-0 Qxd2 13. Nxd2 Nb4 14. Bb1 f6 15. f4 b6 16. a3 Ba6 17. axb4 Bxe2 18. Re1 Bb5 19. exf6 Nxf6 20. Rxe6+ Kf7 21. Re5 Rhc8 22. Bf5 Rc7 23. Nf3 Bd7 24. Ng5+ Kg8 25. Re7 Rac8 26. Bxd7 Nxd7 27. Ne6 Rc1+ 28. Rxc1 Rxc1+ 29. Kf2 Nf6 30. Rxg7+ Kh8 31. Rxa7 Rc2+ 32. Kf3 h6 33. Rf7 Ne4 34. Rf5 Rf2+ 35. Ke3 Rxg2 36. Rxd5 Nf6 37. Rf5 Ng4+ 38. Kf3 Rg1 39. h3 Nh2+ 40. Kf2 Rb1 41. Re5 Rxb2+ 42. Re2 Rb3 43. Kg2 Nf3 44. f5 Nh4+ 45. Kf2 Rf3+ 46. Ke1 Rxf5 47. Re4 Nf3+ 48. Kd1 Rb5 49. Re3 Nh4 50. Rb3 Rd5 51. Rd3 Nf5 52. Kc2 Rd6 53. d5 Rxd5 54. Rxd5 Ne3+ 55. Kd3 Nxd5 56. Kc4 Ne7 57. Nc7 Nc6 58. Nd5 Kg7 59. Nxb6 Kg6 60. Nd5 Nxb4 61. Nxb4 Kg5 62. Nd3 Kh4 1/2-1/2

[Event "GER-chT Seniors 13th"]
[Site "Dresden"]
[Date "2004.08.02"]
[Round "2"]
[White "Clemens, Christian"]
[Black "Roth, Lothar"]
[Result "1-0"]
[WhiteElo "2317"]
[BlackElo "2156"]
[PlyCount "78"]
[EventDate "2004.08.01"]
[EventType "team"]
[EventRounds "7"]
[EventCountry "GER"]
[SourceTitle "CBM 103 Extra"]
[Source "ChessBase"]
[SourceDate "2005.01.01"]
[SourceVersion "1"]
[SourceVersionDate "2005.01.01"]
[SourceQuality "1"]

1. g3 Nf6 2. Bg2 g6 3. e4 d6 4. d4 Bg7 5. Nc3 0-0 6. Nge2 c6 7. a4 e5 8. 0-0 Bg4 9. h3 Bd7 10. Be3 Na6 11. Qd2 Qc8 12. Kh2 c5 13. dxe5 dxe5 14. Bg5 Nb4 15. Rad1 Bc6 16. b3 a6 17. Nd5 Nbxd5 18. exd5 Bd7 19. a5 c4 20. b4 Rb8 21. Nc3 b6 22. d6 Be6 23. axb6 Rxb6 24. Na4 Rb8 25. Nc5 Bd7 26. Ra1 h6 27. Be3 Ne8 28. c3 Rb6 29. Nxd7 Rxd6 30. Nb6 Qd8 31. Nd5 e4 32. Rfd1 Be5 33. Bc5 h5 34. Bxd6 Nxd6 35. Rxa6 h4 36. Nb6 hxg3+ 37. fxg3 e3 38. Qxe3 Qf6 39. Rd5 Rd8 1-0

[Event "Oberliga Wuerttemberg 0304"]
[Site "Wuerttemberg"]
[Date "2003.10.26"]
[Round "2.8"]
[White "Roth, Lothar"]
[Black "Gerstenberger, Heinz"]
[Result "1/2-1/2"]
[WhiteElo "2170"]
[BlackElo "2121"]
[PlyCount "53"]
[EventDate "2003.09.28"]
[EventType "team"]
[EventRounds "9"]
[EventCountry "GER"]
[SourceTitle "EXT 2006"]
[Source "ChessBase"]
[SourceDate "2005.11.24"]
[SourceVersion "1"]
[SourceVersionDate "2005.11.24"]
[SourceQuality "1"]
[WhiteTeam "Schwaebisch Gmuend"]
[BlackTeam "Stuttgart II"]
[WhiteTeamCountry "GER"]
[BlackTeamCountry "GER"]

1. e4 e6 2. d4 d5 3. e5 c5 4. c3 Qb6 5. Nf3 Nc6 6. Bd3 cxd4 7. cxd4 Bd7 8. 0-0 Nxd4 9. Nxd4 Qxd4 10. Qe2 a6 11. Nc3 Rc8 12. Kh1 Bc5 13. f4 Nh6 14. h3 Nf5 15. Bxf5 exf5 16. Rd1 Qf2 17. Qxf2 Bxf2 18. Rxd5 Bc5 19. Rd3 Be6 20. Na4 Be7 21. Be3 Rc2 22. Rc3 Rxc3 23. Nxc3 0-0 24. Rd1 Rd8 25. Rxd8+ Bxd8 26. Kg1 Kf8 27. Kf2 1/2-1/2

[Event "Oberliga Wuerttemberg 0102"]
[Site "Wuerttemberg"]
[Date "2002.??.??"]
[Round "6"]
[White "Roth, Lothar"]
[Black "Bree, Gerald"]
[Result "1/2-1/2"]
[WhiteElo "2093"]
[BlackElo "2087"]
[PlyCount "37"]
[EventDate "2001.10.01"]
[EventType "team-tourn"]
[EventRounds "9"]
[EventCountry "GER"]
[SourceTitle "EXT 2019"]
[Source "ChessBase"]
[SourceDate "2018.10.10"]
[SourceVersion "1"]
[SourceVersionDate "2018.10.10"]
[SourceQuality "1"]
[WhiteTeam "Schwaebisch Gmuend"]
[BlackTeam "Tamm 74"]
[WhiteTeamCountry "GER"]
[BlackTeamCountry "GER"]

1. e4 d5 2. exd5 Qxd5 3. Nc3 Qa5 4. d4 Nf6 5. Nf3 Bg4 6. h3 Bh5 7. g4 Bg6 8. Bd2 c6 9. Bc4 Nbd7 10. Nd5 Qd8 11. Nf4 Nb6 12. Bb3 e6 13. Qe2 a5 14. a3 a4 15. Nxg6 hxg6 16. Ba2 Nxg4 17. Ng5 Nh6 18. 0-0-0 Be7 19. Nxf7 1/2-1/2

[Event "Staufer op 14th"]
[Site "Schwaebisch Gmuend"]
[Date "2002.??.??"]
[Round "3"]
[White "Roth, Lothar"]
[Black "Krivoshey, Sergei"]
[Result "0-1"]
[WhiteElo "2183"]
[BlackElo "2455"]
[PlyCount "77"]
[EventDate "2002.02.??"]
[EventType "swiss"]
[EventRounds "9"]
[EventCountry "GER"]
[SourceTitle "EXT 2003"]
[Source "ChessBase"]
[SourceDate "2002.11.25"]
[SourceVersion "1"]
[SourceVersionDate "2002.11.25"]
[SourceQuality "1"]

1. e4 d5 2. exd5 Nf6 3. d4 Bg4 4. Nf3 Qxd5 5. Be2 Nc6 6. c4 Qf5 7. h3 Bxf3 8. Bxf3 0-0-0 9. Be3 e5 10. d5 Nb4 11. Na3 Nd3+ 12. Kf1 Nxb2 13. Qb3 Bxa3 14. Qxa3 Nxc4 15. Qxa7 Nxe3+ 16. Qxe3 Kb8 17. g4 Qf4 18. Qxf4 exf4 19. Rd1 g5 20. h4 h6 21. hxg5 hxg5 22. Rxh8 Rxh8 23. Rb1 Ne8 24. Re1 Nd6 25. Re5 f6 26. Re6 Rf8 27. a4 Ka7 28. Ke2 Kb6 29. Kd3 Kc5 30. Re1 Rf7 31. a5 Kb5 32. Ra1 Re7 33. Kd4 f5 34. Rb1+ Kxa5 35. gxf5 Nxf5+ 36. Kc4 Nd6+ 37. Kc5 b6+ 38. Kc6 Nc4 39. Ra1+ 0-1

[Event "Staufer op 10th"]
[Site "Schwaebisch Gmuend"]
[Date "1998.??.??"]
[Round "5"]
[White "Krockenberger, Martin"]
[Black "Roth, Lothar"]
[Result "1-0"]
[WhiteElo "2310"]
[BlackElo "2200"]
[PlyCount "105"]
[EventDate "1998.01.??"]
[EventType "swiss"]
[EventRounds "9"]
[EventCountry "GER"]
[SourceTitle "CBM 062 Extra"]
[Source "ChessBase"]
[SourceDate "1998.03.09"]
[SourceVersion "1"]
[SourceVersionDate "1998.03.09"]
[SourceQuality "1"]

1. e4 e6 2. d4 d5 3. Nc3 Nf6 4. e5 Nfd7 5. f4 c5 6. Nf3 Nc6 7. Be3 a6 8. Qd2 b5 9. dxc5 Bxc5 10. Bxc5 Nxc5 11. Qf2 Qb6 12. Bd3 Nxd3+ 13. cxd3 Qxf2+ 14. Kxf2 Bd7 15. Ke3 Ke7 16. Rac1 Rhc8 17. Nd4 Nd8 18. Rhf1 f6 19. Nf3 fxe5 20. fxe5 Be8 21. g4 Bg6 22. Ne2 Nc6 23. Nf4 Be8 24. h4 Rd8 25. Ne2 Rac8 26. Ned4 Nxd4 27. Nxd4 Kd7 28. Nb3 Ke7 29. Kd4 h5 30. g5 Bg6 31. Rxc8 Rxc8 32. Ke3 Rc2 33. Rc1 d4+ 34. Kxd4 Rh2 35. Rc7+ Kf8 36. Kc5 Bxd3 37. Nd4 Bf5 38. Ra7 Rxb2 39. Nxf5 exf5 40. g6 Rxa2 41. Kd6 Rd2+ 42. Ke6 Rd8 43. Rf7+ Kg8 44. Ke7 Rb8 45. e6 b4 46. Kd7 b3 47. e7 Rb7+ 48. Kd6 Rb8 49. Rxf5 b2 50. Rf1 a5 51. Rb1 Rb6+ 52. Kc7 Re6 53. Kd7 1-0